International Relations Since 1919 (Record no. 3890)

MARC details
000 -LEADER
fixed length control field 00378nam a22001577a 4500
005 - DATE AND TIME OF LATEST TRANSACTION
control field 20180223151026.0
008 - FIXED-LENGTH DATA ELEMENTS--GENERAL INFORMATION
fixed length control field 160625b xxu||||| |||| 00| 0 eng d
041 ## - LANGUAGE CODE
Language code of text/sound track or separate title eng
082 ## - DEWEY DECIMAL CLASSIFICATION NUMBER
Item number 9902
Classification number 327
100 ## - MAIN ENTRY--AUTHOR NAME
Personal name Roy, A.C.
245 ## - TITLE STATEMENT
Title International Relations Since 1919
260 ## - PUBLICATION, DISTRIBUTION, ETC. (IMPRINT)
Name of publisher World Press
Year of publication 2003
300 ## - PHYSICAL DESCRIPTION
Number of Pages 728
650 ## - SUBJECT ADDED ENTRY--TOPICAL TERM
Topical Term Mass Communication
942 ## - ADDED ENTRY ELEMENTS (KOHA)
Koha item type Books
Holdings
Lost status Damaged status Collection code Home library Current library Shelving location Date acquired Cost, normal purchase price Full call number Accession Number Koha item type
    LAW JRU Library JRU Library SHELF-29-F 25/06/2016 150.00 327 9902 Books
    LAW JRU Library JRU Library SHELF-29-F 25/06/2016 150.00 327 9903 Books
      JRU Library   SHELF 8 - F 25/06/2016 150.00 327 9904 Books